01436nam a2200337 a 4500001001000000003000900010005001700019007000300036008004000039020001800079040003200097082002900129100004800158245009200206264004200298300004400340336002700384337003500411338002900446490002700475590002600502650003000528650003400558700004800592910004100640942001200681952014200693952014700835952010100982999001501083000028714DO-SdBPM20260505123204.0ta110411s2008 dr a 000 0 spa d a9789945171624 a DO-SdBPMbspacBPMSU erda17aRD863.44bR282n 20072221 aRead Escobal, Virginiad1963-4aut.eautor 10aNoches de luna nueva /cVirginia Read Escobal; ilustraciones Montserrat Ubach Figueras. aSanto Domingo :bEdiciones SM,c2008. a79 páginas :bilustraciones ;c19 cm. atextobtxt2rdacontent asin mediación bn2rdamedia  avolumenbnc2rdacarrier 0 aEl varco de vapor, v5 aInventariado, 2026/VM 7aNovela juvenil dominicana 7aLiteratura juvenil dominicana12aUbach Figueras, Montserrat,eilustración  aVMateo V. Control de calidad. BPMSU  2ddccBK 00102ddc708CJ-DaBPMETbBPMETd2015-03-03eDeposito legall0oBPMSU CDI RD863.44 R282n 2007pBPMSU15040248r2015-03-03w2015-03-03yBK 00102ddc708CJ-DaBPMETbBPMETd2015-03-03eDeposito legall0oBPMSU CDI RD863.44 R282n 2007pBPMSU15040249r2015-03-03te.2w2015-03-03yBK 00102ddc708CJ-DaBPMETbBPMETd2015-03-03l0pBPMSU15040250r2015-03-03te. 3w2015-03-03yBK c7541d7541